| 000 | 00457nam a2200181Ia 4500 | ||
|---|---|---|---|
| 001 | 23514 | ||
| 005 | 20260414150942.0 | ||
| 008 | 260414t1992||||xx |||||||||||||| ||spa|| | ||
| 041 | _aESP | ||
| 082 |
_a660 _bS17 |
||
| 100 |
_aSalinas G., Julia _eAUT |
||
| 245 | 0 |
_aIngenieria Química : _blos procesos y tecnologías del futuro |
|
| 260 | _c1992 | ||
| 300 |
_a106 páginas : _c20 cm. |
||
| 650 | _aTCA | ||
| 654 | _aCII | ||
| 942 |
_cLIB _dJUS _fJUS _2ddc _n |
||
| 999 |
_c23514 _d23514 |
||